000 00431nam a2200181Ia 4500
001 1243
005 20260306140617.0
008 260306t2005||||xx |||||||||||||| ||spa||
041 _aESP
082 _a189.4
_bT69 T.4
100 _aTomás de Aquino, Santo, 1225-1274
_eAUT
245 0 _aOpúsculos y cuestiones selectas
260 _c2005
300 _a
_c24 cm.
650 _aGEN
654 _aCHU
942 _cLIB
_dJUS
_fJUS
_2ddc
_n
999 _c1243
_d1243